Metalli- ja elektroniikkateollisuus vuosikirja 1998

Salvato in:
Dettagli Bibliografici
Natura: Libro
Lingua:finlandese
inglese
Pubblicazione: Helsinki Federation of finnish metal, engineering and electrotechnical industries 1998
Soggetti:
Tags: Aggiungi Tag
Nessun Tag, puoi essere il primo ad aggiungerne!!

MARC

LEADER 00000nam a2200000 4500
001 c100865
005 20221221082944.6
022 |a 1455-478X 
041 0 |a fin 
041 0 |a eng 
044 |a FI 
245 1 0 |a Metalli- ja elektroniikkateollisuus  |b vuosikirja 1998 
264 1 |a Helsinki  |b Federation of finnish metal, engineering and electrotechnical industries  |c 1998 
300 |a 48 s. 
610 2 0 |a elektronika 
610 2 0 |a elektrotechnika 
610 2 0 |a priemysel strojársky 
610 2 0 |a kovopriemysel 
610 2 0 |a údaje štatistické 
610 2 0 |a Fínsko 
610 2 0 |a 1998